Location, transport and land-use modelling spatial-temporal information

Guardado en:
Detalles Bibliográficos
Autor principal: Chan, Yupo
Formato: Libro
Lenguaje:inglés
Publicado: Berlin Springer 2005
Materias:
Etiquetas: Agregar Etiqueta
Sin Etiquetas, Sea el primero en etiquetar este registro!

MARC

LEADER 00000nam a2200000 4500
001 0237466
005 20221129082745.3
020 |a 978-3-540-21087-0 
020 |a 3-540-21087-3 
041 0 |a eng 
044 |a DE 
245 1 0 |a Location, transport and land-use  |b modelling spatial-temporal information  |c Yupo Chan 
264 1 |a Berlin  |b Springer  |c 2005 
300 |a 906 s. 
610 2 0 |a modelovanie 
610 2 0 |a modely 
610 2 0 |a modely ekonometrické 
610 2 0 |a logistika 
610 2 0 |a doprava 
610 2 0 |a rady časové 
610 2 0 |a priestor 
100 1 |a Chan, Yupo